<?xml version="1.0" encoding="UTF-8"?>
<record
    xmlns:xsi="http://www.w3.org/2001/XMLSchema-instance"
    xsi:schemaLocation="http://www.loc.gov/MARC21/slim http://www.loc.gov/standards/marcxml/schema/MARC21slim.xsd"
    xmlns="http://www.loc.gov/MARC21/slim">

  <leader>00921nam a2200181Ia 4500</leader>
  <controlfield tag="008">090630s9999    xx            000 0 und d</controlfield>
  <datafield tag="082" ind1=" " ind2=" ">
    <subfield code="b">27890</subfield>
  </datafield>
  <datafield tag="100" ind1=" " ind2=" ">
    <subfield code="a">&#x938;&#x902;&#x92A;&#x93E;. &#x91A;&#x94C;&#x927;&#x930;&#x940; &#x915;&#x93F;. &#x915;&#x93E;.</subfield>
  </datafield>
  <datafield tag="245" ind1=" " ind2=" ">
    <subfield code="a">&#x930;&#x93E;&#x92F;&#x917;&#x921; &#x91C;&#x93F;&#x932;&#x94D;&#x939;&#x93E; - &#x92E;&#x939;&#x93E;&#x930;&#x93E;&#x937;&#x94D;&#x91F;&#x94D;&#x930; &#x930;&#x93E;&#x91C;&#x94D;&#x92F; &#x917;&#x945;&#x91D;&#x947;&#x91F;&#x93F;&#x905;&#x930;.</subfield>
    <subfield code="c">&#x938;&#x902;&#x92A;&#x93E;. &#x91A;&#x94C;&#x927;&#x930;&#x940; &#x915;&#x93F;. &#x915;&#x93E;.</subfield>
  </datafield>
  <datafield tag="260" ind1=" " ind2=" ">
    <subfield code="b">&#x926;&#x930;&#x94D;&#x936;&#x928;&#x93F;&#x915;&#x93E; &#x935;&#x93F;&#x92D;&#x93E;&#x917; - &#x92E;&#x939;&#x93E;&#x930;&#x93E;&#x937;&#x94D;&#x91F;&#x94D;&#x930; &#x936;&#x93E;&#x938;&#x928;.</subfield>
    <subfield code="c">1993</subfield>
  </datafield>
  <datafield tag="300" ind1=" " ind2=" ">
    <subfield code="a">938</subfield>
  </datafield>
  <datafield tag="600" ind1=" " ind2=" ">
    <subfield code="a">&#x938;&#x902;&#x92A;&#x93E;. &#x91A;&#x94C;&#x927;&#x930;&#x940; &#x915;&#x93F;. &#x915;&#x93E;.</subfield>
  </datafield>
  <datafield tag="630" ind1=" " ind2=" ">
    <subfield code="a">&#x930;&#x93E;&#x92F;&#x917;&#x921; &#x91C;&#x93F;&#x932;&#x94D;&#x939;&#x93E; - &#x92E;&#x939;&#x93E;&#x930;&#x93E;&#x937;&#x94D;&#x91F;&#x94D;&#x930; &#x930;&#x93E;&#x91C;&#x94D;&#x92F; &#x917;&#x945;&#x91D;&#x947;&#x91F;&#x93F;&#x905;&#x930;.</subfield>
  </datafield>
  <datafield tag="655" ind1=" " ind2=" ">
    <subfield code="a">&#x907;&#x924;&#x930;.</subfield>
  </datafield>
  <datafield tag="700" ind1=" " ind2=" ">
    <subfield code="a">&#x938;&#x902;&#x92A;&#x93E;. &#x91A;&#x94C;&#x927;&#x930;&#x940; &#x915;&#x93F;. &#x915;&#x93E;.</subfield>
  </datafield>
  <datafield tag="730" ind1=" " ind2=" ">
    <subfield code="a">&#x930;&#x93E;&#x92F;&#x917;&#x921; &#x91C;&#x93F;&#x932;&#x94D;&#x939;&#x93E; - &#x92E;&#x939;&#x93E;&#x930;&#x93E;&#x937;&#x94D;&#x91F;&#x94D;&#x930; &#x930;&#x93E;&#x91C;&#x94D;&#x92F; &#x917;&#x945;&#x91D;&#x947;&#x91F;&#x93F;&#x905;&#x930;.</subfield>
  </datafield>
  <datafield tag="942" ind1=" " ind2=" ">
    <subfield code="c">BOOK</subfield>
  </datafield>
  <datafield tag="999" ind1=" " ind2=" ">
    <subfield code="c">279746</subfield>
    <subfield code="d">279746</subfield>
  </datafield>
  <datafield tag="952" ind1=" " ind2=" ">
    <subfield code="0">0</subfield>
    <subfield code="1">0</subfield>
    <subfield code="4">0</subfield>
    <subfield code="7">0</subfield>
    <subfield code="a">SAWASHRI</subfield>
    <subfield code="b">SAWASHRI</subfield>
    <subfield code="d">0000-00-00</subfield>
    <subfield code="g">275.00</subfield>
    <subfield code="l">0</subfield>
    <subfield code="o">27890</subfield>
    <subfield code="p">SAWASHRI-27890</subfield>
    <subfield code="r">2009-06-30 00:00:00</subfield>
    <subfield code="v">275.00</subfield>
    <subfield code="w">2009-06-30</subfield>
    <subfield code="y">BOOK</subfield>
  </datafield>
</record>
